书目信息 |
| 题名: |
管理信息系统
|
|
| 作者: | 付得一 , 田芬 编著 | |
| 分册: | ||
| 出版信息: | 北京 中国人民大学出版社 2006 |
|
| 页数: | 210页 | |
| 开本: | 23cm | |
| 丛书名: | ||
| 单 册: | ||
| 中图分类: | C931.6 | |
| 科图分类: | ||
| 主题词: | 管理信息系统 , 管理信息系统--高等学校--教材 | |
| 电子资源: | ||
| ISBN: | 7-300-06477-9(含光盘) | |
| 000 | 01143nam0 2200289 450 | |
| 000 | 01153nam0 2200289 450 | |
| 000 | 01084nam0 2200265 450 | |
| 000 | 01048oam2 2200253 45 | |
| 005 | 20070723142558.67 | |
| 010 | @a7-300-06477-9(含光盘)@dCNY19.00 | |
| 100 | @a20070626d2006 em y0chiy0120 ea | |
| 101 | 0 | @achi |
| 102 | @aCN@b110000 | |
| 105 | @ay z 000yy | |
| 200 | 1 | @a管理信息系统@AGuan Li Xin Xi Xi Tong@f付得一,田芬编著@FFu De Yi, Tian Fen Bian Zhu |
| 210 | @a北京@c中国人民大学出版社@d2006 | |
| 215 | @a210页@d23cm@e光盘1片 | |
| 300 | @a21世纪经济、管理类核心课程系列教材 | |
| 307 | @a附光盘:ISBN 7-900446-94-9 《用友ERP-U8生产制造一日通》 | |
| 330 | @a本书介绍了企业管理信息系统建设的基本原则、管理信息系统技术基础,目前在企业广泛应用的财务管理信息系统、企业资源计划(ERP)以及供应链管理(SCM)、客户关系管理(CRM)等管理信息系统的管理理念、系统结构和企业应用案例。 | |
| 606 | 0 | @a管理信息系统 |
| 606 | 0 | @a管理信息系统@x高等学校@j教材 |
| 690 | @aC931.6@v4 | |
| 701 | 0 | @a付得一@AFu De Yi@c(教师)@4编著 |
| 701 | 0 | @a田芬@ATian Fen@c(信息管理)@4编著 |
| 801 | 0 | @aCN@bTAOJIN@c20070723 |
| 905 | @a10447@dC931.6@e368 | |
| 管理信息系统/付得一,田芬编著.-北京:中国人民大学出版社,2006 |
| 210页;23cm+光盘1片 |
| 21世纪经济、管理类核心课程系列教材 |
| ISBN 7-300-06477-9(含光盘):CNY19.00 |
| 本书介绍了企业管理信息系统建设的基本原则、管理信息系统技术基础,目前在企业广泛应用的财务管理信息系统、企业资源计划(ERP)以及供应链管理(SCM)、客户关系管理(CRM)等管理信息系统的管理理念、系统结构和企业应用案例。 |
| ● |
| 相关链接 |
|
|
|
|
正题名:管理信息系统
索取号:C931.6/368
 
预约/预借
| 序号 | 登录号 | 条形码 | 馆藏地/架位号 | 状态 | 备注 |
| 1 | 0823598 | 208235989 | 第一样本阅览室/ [索取号:C931.6/368] | 在馆 | |
| 2 | 0823599 | 208235998 | 第一借阅区/ [索取号:C931.6/368] | 在馆 | |
| 3 | 0823600 | 208236005 | 教育系资料室/ [索取号:C931.6/368] | 在馆 | |
| 4 | 0823601 | 208236014 | 第一借阅区/ [索取号:C931.6/368] | 在馆 | |
| 5 | 0823602 | 208236023 | 教育系资料室/ [索取号:C931.6/368] | 在馆 | |
| 6 | 0823603 | 208236032 | 第一借阅区/ [索取号:C931.6/368] | 在馆 | |
| 7 | 0823604 | 208236041 | 教育系资料室/ [索取号:C931.6/368] | 在馆 | |
| 8 | 0823605 | 208236050 | 教育系资料室/ [索取号:C931.6/368] | 在馆 |